[Event "Padova del Santo op-B 7th"]
[Site "Padova"]
[Date "2020.02.22"]
[Round "3.8"]
[White "Mascia, Germano"]
[Black "Riga, Raffaele"]
[Result "1-0"]
[WhiteElo "1698"]
[BlackElo "1755"]
[PlyCount "55"]
[EventDate "2020.02.21"]
[EventType "swiss"]
[EventRounds "3"]
[EventCountry "ITA"]
[SourceTitle "EXT 2024"]
[Source "ChessBase"]
[SourceDate "2023.10.10"]
[SourceVersion "1"]
[SourceVersionDate "2023.10.10"]
[SourceQuality "1"]

1. e4 c5 2. c3 b6 3. d4 Bb7 4. Bd3 e6 5. Nd2 Nf6 6. f4 d5 7. e5 Ne4 8. Ngf3 Be7 9. 0-0 Nd7 10. Qe2 f5 11. exf6 Ndxf6 12. Nxe4 dxe4 13. Bb5+ Kf8 14. Ng5 Qd6 15. Be3 a6 16. dxc5 bxc5 17. Ba4 g6 18. Kh1 Kg7 19. Bxc5 Qxc5 20. Nxe6+ Kf7 21. Nxc5 Bxc5 22. Qc4+ Nd5 23. Qxc5 Rac8 24. Qd4 Nf6 25. Bb3+ Kg7 26. Qb6 Bc6 27. Be6 Bd7 28. Bxd7 1-0